000 00461cam a22001217a 4500
008 180718b1973 xxu||||| |||| 00| 0 eng d
082 _aA81x54 In2/71/9/Pt10A&B/Q
100 _aCensus of India 1971
245 _aKerala district census handbook, Quilon: town and village directory (primary census abstract)
260 _aTrivandrum
_bDirector of Census Operations
_c1973
300 _a218+p.
440 _aCensus of India 1971. Series-9, Kerala. Part X-A & Part X-B
999 _c485237
_d485237